000 00414nam a2200193Ia 4500
005 20240823033522.0
008 240823s9999||||xx |||||||||||||| ||und||
020 _a81-89629-08-5
041 _aENGLISH
082 _A813.54 Q0
100 _aAkilon
245 0 _aPaavai Vilakku
250 _a17th
260 _c2010
_bD
500 _aYES
650 _aTamil Books
_bGeneral
942 _cBK
999 _c196010
_d196010